| 000 | 00399nam a2200133Ia 4500 | ||
|---|---|---|---|
| 005 | 20260328104336.0 | ||
| 008 | 260328s9999||||xx |||||||||||||| ||und|| | ||
| 100 | _aTéllez Castañeda, Germán | ||
| 245 | 0 |
_aVeinte Bienales Colombianas de Arquitectura 1962-2006 / _cGermán Téllez Castañeda |
|
| 260 | _bSociedad Colombiana de Arquitectos | ||
| 300 | _a205 p. | ||
| 650 | _aCOLOMBIA | ||
| 942 | _cBK | ||
| 999 |
_c11906 _d11906 |
||